| 000 | 00335nam a22001337a 4500 | ||
|---|---|---|---|
| 008 | 170310b xxu||||| |||| 00| 0 eng d | ||
| 020 | _a9780316688468 | ||
| 041 | _aeng | ||
| 080 |
_23RD _a616-002.77 |
||
| 100 | _a7 | ||
| 101 | _aSHM | ||
| 245 |
_aMANUAL OF RHEUMATOLOGY AND OUTPATIENT ORTHOPEDIC DISORDERS _cPAGET, S |
||
| 942 |
_2udc _cBK |
||
| 999 |
_c7452 _d7452 |
||